000 00310 a2200157 4500
001 181047
020 _a
040 _cMagnum
100 _aMurray, Roseana Kligerman
240 1 0 _aO circo
_lpor
245 1 0 _aO circo
362 0 _a1899
440 1 _aMiguilim
697 _aMAGNITO: I/GERAL
942 _cBK
999 _c181047
_d181047